'Shark Tale' Characters Quiz Stats

 Plays Quiz not verified by Sporcle

Support Sporcle.
Go Orange.
Score 0/11 Timer 02:30
0 Plays Today
% Correct
Oscar
88.5%
Lenny
80%
Angie
77.5%
Lola
74.5%
Don Lino
66%
Sykes
65%
Don Feinberg
60.5%
Katie Current
50%
Crazy Joe
48.5%
Luca
39%
Mrs. Sanchez
32.5%

You're not logged in!

Compare scores with friends on all Sporcle quizzes.
OR
Log In

From the Vault

Aiming at the Moon

by gazzso

The Moon is 2,159 miles wide. It shouldn't be that hard to hit, right?
Remove Ads.
Support Sporcle.
Get the best of Sporcle when you Go Orange. This ad-free experience offers more features, more stats, and more fun while also helping to support Sporcle. Thank you for becoming a member.

Show Comments

Extras

Top Quizzes Today


Score Distribution

Your Account Isn't Verified!

In order to create a playlist on Sporcle, you need to verify the email address you used during registration. Go to your Sporcle Settings to finish the process.

Report this User

Report this user for behavior that violates our Community Guidelines.

Details: